Normal view MARC view
  • Sampth , k

Entry Personal Name

Number of records used in: 1

001 - CONTROL NUMBER

  • control field: 5467

003 - CONTROL NUMBER IDENTIFIER

  • control field: OSt

005 - DATE AND TIME OF LATEST TRANSACTION

  • control field: 20200518095854.0

008 - FIXED-LENGTH DATA ELEMENTS

  • fixed length control field: 200518|| aca||aabn | a|a d

040 ## - CATALOGING SOURCE

  • Original cataloging agency: OSt
  • Transcribing agency: OSt

100 ## - HEADING--PERSONAL NAME

  • Personal name: Sampth , k

670 ## - SOURCE DATA FOUND

  • Source citation: Work cat.: (OSt)6252: Sampth , k, Pharmaceutical Jurisprudence ( Forensic Pharmacy), 2019